000 01007nam a2200277Ia 4500
003 OSt
005 20221005111111.0
006 a|||||r|||| 00| 0
007 ta
008 221004b |||||||| |||| 00| 0 hin d
020 _c150
024 _a14821
037 _b330, 20/03/2014, Vani Prakashan
_cTextual
040 _aCRL
_cCRL
_bhin
041 _2hin
_ahin
082 _aO152,6N291x, P7
100 _aयादव, राजेन्द्र
245 0 _aअनपढ़ बनाये रखने की साज़िश
246 _aAnapaढ़ banāye rakhane kī sāज़isha
260 _aनई दिल्ली
_bवाणी प्रकाशन भारत
_c2007
300 _a143पृ0
_ccm.
490 _aकांटे की बात; 2
650 _aहिन्दी साहित्य
942 _hO152,6N291x, P7
_cTEXL
_2cc
999 _c1020817
_d1020817